000 00858nam a2200217 a 4500
003 0
005 20250324084026.0
008 060801s19uu xx 00 eng d
050 _aPGS HD 4484.P6.G37
_b.B355 2006
100 _aBax, John Christian.
245 _aA study on the garbage disposal practices of Pamplona Park Subdivision residents /
_cJohn Christian Bax.
260 _aLas PiƱas City, Philippines :
_bSouthville International School and Colleges,
_c2006.
300 _a26 pages :
_billustrations ;
_c28 cm.
504 _aIncludes bibliographical references.
650 _aRefuse and refuse disposal
_zPhilippines.
650 _aCommunity environmental awareness
_zPhilippines.
650 _aWaste management
_zPhilippines.
650 _aSanitation
_zPhilippines.
650 _aRecycling (Waste, etc.)
_zPhilippines.
942 _2lcc
_cPASS
999 _c97459
_d97459